LIBRARY & INFORMATION CENTRE, KCAET, TAVANUR

ONLINE PUBLIC ACCESS CATALOGUE (OPAC)

Work shop lift irrigation 23-25 April 1997 Newdelhi:Proceedings / (Record no. 10692)

MARC details
000 -LEADER
fixed length control field 00458cam a2200157ua 4500
041 ## - LANGUAGE CODE
Language code of text/sound track or separate title eng
082 ## - DEWEY DECIMAL CLASSIFICATION NUMBER
Classification number 028.74624
Item number VAR/WO
100 ## - MAIN ENTRY--AUTHOR NAME
Personal name Varma, C.V.J.
245 ## - TITLE STATEMENT
Title Work shop lift irrigation 23-25 April 1997 Newdelhi:Proceedings /
260 ## - PUBLICATION, DISTRIBUTION, ETC. (IMPRINT)
Place of publication New Delhi :
Name of publisher Central Board of Irrigation and Power (CBIP) ,
Year of publication 1997.
300 ## - PHYSICAL DESCRIPTION
Number of Pages 350 ; .
700 1# - ADDED ENTRY--PERSONAL NAME
Personal name Rao, A.R G.
942 ## - ADDED ENTRY ELEMENTS (KOHA)
Koha item type Books
Holdings
Withdrawn status Lost status Damaged status Home library Current library Date acquired Full call number Accession Number Koha item type
      KAUAET KAUAET 07/04/2012 028.74624 19562 Reference
free website counter